Cómo deben emplearse los circuitos integrados (Record no. 110462)

MARC details
000 -LEADER
campo de control de longitud fija 00639nam a2200169 4500
001 - NÚMERO DE CONTROL
campo de control 110462
003 - IDENTIFICADOR DE NÚMERO DE CONTROL
campo de control ES-MaACL
005 - FECHA Y HORA DE LA ÚLTIMA TRANSACCIÓN
campo de control 20230906185046.0
007 - CAMPO FIJO DE DESCRIPCIÓN FÍSICA--INFORMACIÓN GENERAL
campo de control de longitud fija t|
008 - DATOS DE LONGITUD FIJA--INFORMACIÓN GENERAL
campo de control de longitud fija 061121s1978 sp r ||||1| spa d
100 1# - ENTRADA PRINCIPAL--NOMBRE DE PERSONA
Nombre de persona Oehmichen, J.P.
9 (RLIN) 86546
245 10 - MENCIÓN DEL TÍTULO
Título Cómo deben emplearse los circuitos integrados
Resto del título : estructuras, funcionamiento y aplicaciones de los principales circuitos integrados /
Mención de responsabilidad, etc. J.P. Oehmichen; traducción de Blanca Arbizu Duralde.
260 ## - PUBLICACIÓN, DISTRIBUCIÓN, ETC.
Lugar de publicación, distribución, etc. Madrid ; Zaragoza :
Nombre del editor, distribuidor, etc. Paraninfo : Cometa,
Fecha de publicación, distribución, etc. 1978.
300 ## - DESCRIPCIÓN FÍSICA
Extensión 620 p. :
Otras características físicas il. ;
Dimensiones 22 cm.
700 1# - ENTRADA AGREGADA--NOMBRE PERSONAL
Nombre de persona Arbizu Duralde, Blanca.
9 (RLIN) 22399
852 ## - LOCALIZACIÓN
Ubicación ES-MaACL
Número de control de estantería A-8837
Sublocalización o colección R.97896
Holdings
Estatus retirado Estado de pérdida Estado de daño No para préstamo Biblioteca de origen Biblioteca actual Ubicación en estantería Fecha de adquisición Fuente de adquisición Total de préstamos Signatura topográfica completa Código de barras Visto por última vez Precio de reemplazo Tipo de ítem Koha
        Biblioteca del Ateneo de Madrid Biblioteca del Ateneo de Madrid Depósito 1 17/01/2008     A-8837 1115249 23/02/2023 23/02/2023 Libro impreso